'A' All the Way Through Quiz Stats

 Plays Quiz Updated Apr 8, 2016

Challenge
Share
Tweet
Embed
Score 0/12 Timer 03:00
2 Plays Today
'A' All the Way Thru Words % Correct
A _ _ _ _ _ _ _ _ _ _ _Accelerating
94.4%
_ A _ _ _ _ _ _ _ _ _ _Cartographer
75.3%
_ _ _ A _ _ _ _ _ _ _ _Breaststroke
64.7%
_ _ _ _ _ _ _ _ _ _ A _ Bicentennial
60.6%
_ _ _ _ _ A _ _ _ _ _ _Scholarships
55.4%
_ _ _ _ _ _ _ A _ _ _ _Abbreviation
55.2%
_ _ _ _ _ _ _ _ _ _ _ A Hypoglycemia
45.2%
_ _ _ _ _ _ _ _ A _ _ _Conquistador
44.2%
_ _ _ _ A _ _ _ _ _ _ _Onomatopoeia
39.1%
_ _ _ _ _ _ A _ _ _ _ _Demographics
35.8%
_ _ A _ _ _ _ _ _ _ _ _Emancipation
25.7%
_ _ _ _ _ _ _ _ _ A _ _Inarticulate
8.4%

You're not logged in!

Compare scores with friends on all Sporcle quizzes.
Join for Free
OR
Log In

You Might Also Like...

Show Comments

Extras

Top Quizzes Today


Score Distribution

Your Account Isn't Verified!

In order to create a playlist on Sporcle, you need to verify the email address you used during registration. Go to your Sporcle Settings to finish the process.

Report this User

Report this user for behavior that violates our Community Guidelines.

Details: